|
|
|
|
| LEADER |
01159nam a2200349 4500 |
| 001 |
DLU090093398 |
| 005 |
##20091201 |
| 040 |
# |
# |
|a DLU
|b eng
|
| 041 |
# |
# |
|a eng
|
| 044 |
# |
# |
|a nl
|
| 245 |
# |
# |
|a Parasitism by the mite Acarophenax lacunatus on beetle pests of stored products /
|c Carlos Romero F. Oliveira ... [et al.].
|
| 653 |
# |
# |
|a Acarophenacidae
|
| 653 |
# |
# |
|a Acarophenax lacunatus
|
| 653 |
# |
# |
|a Biological control
|
| 653 |
# |
# |
|a Cryptolestes ferrugineus
|
| 653 |
# |
# |
|a Oryzaephilus surinamensis
|
| 653 |
# |
# |
|a Rhyzopertha dominica
|
| 653 |
# |
# |
|a Tribolium castaneum
|
| 700 |
# |
# |
|a Faroni, Leda Rita D'A.
|
| 700 |
# |
# |
|a Guedes, Raul Narciso C.
|
| 700 |
# |
# |
|a Oliveira, Carlos Romero F.
|
| 700 |
# |
# |
|a Pallini, Angelo.
|
| 773 |
# |
# |
|t BioControl : Journal of the International Organization for Biological Control
|g Vol. 48, no. 5 (October 2003), p. 503-513
|
| 920 |
# |
# |
|a Phòng Tạp chí -- Trung tâm Thông tin - Thư viện Trường Đại học Đà Lạt
|
| 994 |
# |
# |
|a DLU
|
| 900 |
# |
# |
|a True
|
| 911 |
# |
# |
|a Trương Bảo Trâm Anh
|
| 925 |
# |
# |
|a G
|
| 926 |
# |
# |
|a A
|
| 927 |
# |
# |
|a BB
|
| 980 |
# |
# |
|a Thư viện Trường Đại học Đà Lạt
|